U.S. national security : (Record no. 14067)

000 -LEADER
fixed length control field 01026cam a2200277 a 4500
001 - CONTROL NUMBER
control field 3024789
005 - DATE AND TIME OF LATEST TRANSACTION
control field 20170105102846.0
008 - FIXED-LENGTH DATA ELEMENTS--GENERAL INFORMATION
fixed length control field 940506s1995 coua b 001 0 eng
010 ## - LIBRARY OF CONGRESS CONTROL NUMBER
LC control number 94191657
020 ## - INTERNATIONAL STANDARD BOOK NUMBER
International Standard Book Number 1555874118 (pbk. : alk. paper)
040 ## - CATALOGING SOURCE
Original cataloging agency DLC
Transcribing agency DLC
Modifying agency DLC
043 ## - GEOGRAPHIC AREA CODE
Geographic area code n-us---
050 00 - LIBRARY OF CONGRESS CALL NUMBER
Classification number UA23
Item number .S275 1995
082 00 - DEWEY DECIMAL CLASSIFICATION NUMBER
Classification number 355.033073
Edition number 20
100 1# - MAIN ENTRY--PERSONAL NAME
Personal name Sarkesian, Sam C.
Fuller form of name (Sam Charles),
Dates associated with a name 1927-
245 10 - TITLE STATEMENT
Title U.S. national security :
Remainder of title policymakers, processes, and politics /
Statement of responsibility, etc. Sam C. Sarkesian.
250 ## - EDITION STATEMENT
Edition statement 2nd ed.
260 ## - PUBLICATION, DISTRIBUTION, ETC.
Place of publication, distribution, etc. Boulder, Colo. :
Name of publisher, distributor, etc. L. Rienner,
Date of publication, distribution, etc. 1995.
300 ## - PHYSICAL DESCRIPTION
Extent xiii, 273 p. :
Other physical details ill. ;
Dimensions 23 cm.
504 ## - BIBLIOGRAPHY, ETC. NOTE
Bibliography, etc. note Includes bibliographical references (p. 261-263) and index.
650 #0 - SUBJECT ADDED ENTRY--TOPICAL TERM
Topical term or geographic name entry element National security
Geographic subdivision United States
General subdivision Decision making.
740 0# - ADDED ENTRY--UNCONTROLLED RELATED/ANALYTICAL TITLE
Uncontrolled related/analytical title US national security.
906 ## - LOCAL DATA ELEMENT F, LDF (RLIN)
a 7
b cbc
c orignew
d 1
e ncip
f 19
g y-gencatlg
942 ## - ADDED ENTRY ELEMENTS (KOHA)
Source of classification or shelving scheme
Koha item type Book
Holdings
Withdrawn status Lost status Damaged status Not for loan Collection code Permanent Location Current Location Shelving location Date acquired Total Checkouts Full call number Barcode Date last seen Price effective from Koha item type
          Centre for International Peace & Stability (CIPS) Centre for International Peace & Stability (CIPS) General Stacks 08/16/2013   355.033073 SAR 2013 CIPS0000329 08/16/2013 08/16/2013 Book
© 2023 Central Library, National University of Sciences and Technology. All Rights Reserved.